000 00841nas a2200277 4500
001 BR0700093
003 BR-BrBNA
005 20231205110450.0
007 ta
008 230509b bl.|||p| |||| 00| 00por d
040 _aBR-BrBNA
_bpor
_cBiblioteca Nacional de Agricultura
041 _a(Pt)
072 _aH20
100 1 _aCosta, I.F.D. da
100 1 _aBalardin, R.S.
100 1 _aMedeiros, L.A.
100 1 _aBayer, T.M.
245 1 _aResistência de seis cultivares de soja ao Colletotrichum truncatum (Schwein)em dois estádios fenológicos
650 _aSOJA
650 _aANTRACNOSE
650 _aVARIEDADE RESISTENTE
650 _aFENOLOGIA
773 0 _tCiência Rural (Brazil)
_xISSN 0103-8478
_g(Nov-Dec 2006), v. 36(6) p. 1684-1688
_wBR0700093
909 _a202311
_bLúcia
_c55
_dLúcia Elande
942 _2AGRIS
_n0
_cANA
999 _c187510
_d187510